| 000 | 00717 a2200217 4500 | ||
|---|---|---|---|
| 010 | _aENG-85730 | ||
| 020 |
_a8189253328 _c280.00 |
||
| 035 | _aEN-69263 | ||
| 037 | _bD.B.Act / Pub | ||
| 082 | _a511.3 | ||
| 090 |
_c3446 _d3446 |
||
| 100 | _aMittal, P. K. | ||
| 245 |
_aDiscrete structures _cby P. K. Mittal |
||
| 260 |
_aNew Delhi _bParagon International Publishers _c2006 |
||
| 270 |
_a5, Ansari Road, Darya Ganj _bNew Delhi _cDelhi _e110002 _k23274151 _mgph2004@yahoo.co.in |
||
| 300 |
_axii, 559 p. _c23 cm. (Pbk) |
||
| 500 | _aIncludes index. | ||
| 650 | _aDiscrete Structures | ||
| 942 |
_adpl _cEN _k511.3 / MIT |
||
| 999 |
_c3379 _d3379 |
||